| 000 | 00533nam a2200181 i 4500 | ||
|---|---|---|---|
| 001 | 28995 | ||
| 003 | ES-MaACL | ||
| 005 | 20230906153950.0 | ||
| 007 | t| | ||
| 008 | 030120s1968 sp ||||1| spa d | ||
| 080 | _a338(460)"19" | ||
| 110 | 2 |
_aBanco Hispano Americano. _92128 |
|
| 245 | 1 | 3 |
_aLa situación económica en 1967 / _cBanco Hispano Americano. |
| 260 |
_aMadrid : _b[s.n.], _c1968. |
||
| 300 |
_a294 p. : _bil. ; _c27 cm. |
||
| 651 | 4 |
_aEspaña- _xSituación económica- _y1955-1975. _9171815 |
|
| 852 |
_aES-MaACL _jC-56952 |
||
| 999 |
_c28995 _d28995 |
||